[Event "BL2-O9697"]
[Site "Germany"]
[Date "1997.??.??"]
[Round "?.8"]
[White "Graef, Steffen"]
[Black "Huemmer, Bernd"]
[Result "1-0"]
[WhiteElo "2275"]
[BlackElo "2255"]

1.d4 Nf6 2.Bg5 e6 3.e4 h6 4.Bxf6 Qxf6 5.Nc3 Qe7 6.Qd2 b6 7.O-O-O Bb7 8.Nf3 g5
9.d5 Bg7 10.Nb5 d6 11.dxe6 fxe6 12.Nfd4 a6 13.Nxc7+ Qxc7 14.Nxe6 Qe7 15.Nxg7+ Qxg7
16.Qxd6 Nc6 17.Qe6+ Qe7 18.Qg6+ Kf8 19.Rd6 Ne5 20.Rf6+ Nf7 21.Bc4 Rh7 22.Bxf7 Rxf7
23.Qxh6+ Kg8 24.Re6 Qf8 25.Qxg5+ Rg7 26.Rg6 Bxe4 27.Rxg7+ Qxg7 28.Qxg7+ Kxg7
29.Re1 Bd5 30.Re5 Rd8 31.f4 Kf6 32.g3 Bf3 33.b3 Rd1+ 34.Kb2 Rd2 35.h4 Re2
36.Rxe2 Bxe2 37.Kc3 Kf5 38.Kd4 Bf3 39.c4 Be4 40.b4 Bf3 41.c5 b5 42.Ke3 Bg4
43.a3 Ke6 44.Ke4 Bd1 45.f5+ Kf6 46.Kf4  1-0

[Event "Oberliga Nord O9798"]
[Site "Germany"]
[Date "1997.??.??"]
[Round "?"]
[White "Muse, Drazen"]
[Black "Klimm, Wolf Dietrich"]
[Result "1-0"]
[WhiteElo "2330"]
[BlackElo "2220"]

1.d4 Nf6 2.Bg5 e6 3.e4 h6 4.Bxf6 Qxf6 5.Nf3 d6 6.Nc3 g5 7.h3 Bg7 8.Bb5+ Bd7
9.Qe2 a6 10.e5 Qe7 11.Bd3 d5 12.Nd1 c5 13.c3 Nc6 14.dxc5 Qxc5 15.O-O h5 16.Nxg5 Nxe5
17.Re1 Nxd3 18.Qxd3 Bf6 19.b4 Qe7 20.Nf3 O-O-O 21.a4 Rhg8 22.Kh1 Kb8 23.Ne3 Bc8
24.Rab1 Qc7 25.b5 a5 26.Nd4 Bxd4 27.cxd4 Bd7 28.Rec1 Qf4 29.Qd2 b6 30.Rc6 Bxc6
31.bxc6 Ka7 32.Rxb6 Kxb6 33.Nxd5+ Rxd5 34.Qxf4 Rc8 35.Qxf7 Rxc6 36.Qe8 Rcd6
37.Qb8+ Kc6 38.Qb3  1-0

[Event "Ruhr-ch Seniors 4th"]
[Site "Germany"]
[Date "1997.??.??"]
[Round "2"]
[White "Biermann, Klaus"]
[Black "Dreckmann, Franz"]
[Result "1-0"]
[WhiteElo "2015"]
[BlackElo "1860"]

1.d4 Nf6 2.Bg5 e6 3.e4 Be7 4.Bd3 h6 5.Bxf6 Bxf6 6.e5 Be7 7.Nc3 d6 8.Nf3 dxe5
9.dxe5 Nc6 10.a3 a6 11.O-O b6 12.Qe2 Bb7 13.Rad1 Qc8 14.h3 Na7 15.Ne4 c5
16.Nd6+ Bxd6 17.exd6 O-O 18.Ne5 b5 19.Rfe1 c4 20.Be4 Bxe4 21.Qxe4 Nc6 22.Nxc6  1-0

[Event "NRW-Liga II 9697"]
[Site "Germany"]
[Date "1997.??.??"]
[Round "9.3"]
[White "Heisel, Guido"]
[Black "Rohde, Ulrich"]
[Result "1-0"]
[WhiteElo "2215"]
[BlackElo "2305"]

1.d4 Nf6 2.Bg5 e6 3.e4 h6 4.Bxf6 Qxf6 5.Nc3 d6 6.Qd2 a6 7.f4 g5 8.Nh3 Bg7
9.e5 Qe7 10.g3 Nd7 11.Bg2 gxf4 12.gxf4 h5 13.O-O Nb6 14.Qe2 d5 15.a3 c5 16.dxc5 Qxc5+
17.Kh1 Bd7 18.Rf3 h4 19.Rd1 Qc7 20.f5 Bxe5 21.fxe6 Bxe6 22.Re1 Nd7 23.Ng5 h3
24.Bf1 O-O-O 25.Nxf7 Bxf7 26.Rxf7 Bxc3 27.bxc3 Qxc3 28.Rf3 Qc6 29.Bxh3 d4
30.Qe4 Qxe4 31.Rxe4 Kb8 32.Rxd4 Nc5 33.Rxd8+ Rxd8 34.Bf5 Rd2 35.h4 Rd4 36.Rh3 Rf4
37.Bg6 Rf8 38.h5 Ne6 39.Bd3 Rh8 40.h6 Kc7 41.h7 Nf4 42.Rh4 Nxd3 43.cxd3 b5
44.Kg2 a5 45.Kf3 b4 46.axb4 a4 47.b5 Kb6 48.Rxa4 Rxh7 49.Rb4 Rh3+ 50.Ke2 Rg3
51.Kd2 Rh3 52.Kc3 Rg3 53.Kc4 Rg1 54.d4 Rc1+ 55.Kd5 Rh1 56.Rb3 Rh5+ 57.Kc4 Rg5
58.Re3 Rg1 59.Re6+ Kb7 60.d5 Rc1+ 61.Kd4 Rb1 62.Kc5 Rc1+ 63.Kd6 Rd1 64.Re2 Kc8
65.Rc2+ Kb7 66.Ke6 Rh1 67.Re2 Kc8 68.d6 Rh6+ 69.Kd5 Kb7 70.Re7+ Kb6 71.Re8 Rh5+
72.Ke6 Rh6+ 73.Kd7 Kb7 74.Ke7 Rh7+ 75.Kd8 Kb8 76.d7 Kb7 77.Rf8 Rh2 78.Ke7 Re2+
79.Kf6 Rf2+ 80.Kg7 Rg2+ 81.Kh6  1-0

[Event "Hamburg ch"]
[Site "Hamburg"]
[Date "1997.??.??"]
[Round "2"]
[White "Pajeken, Wolfgang"]
[Black "Reddmann, Hauke"]
[Result "1/2-1/2"]
[WhiteElo "2260"]
[BlackElo "2305"]

1.d4 Nf6 2.Bg5 e6 3.e4 h6 4.Bxf6 Qxf6 5.Nc3 Bb4 6.Qd2 d6 7.O-O-O Nc6 8.f4 Bxc3
9.bxc3 Bd7 10.Nf3 O-O-O 11.Bd3 e5 12.d5 Nb8 13.f5 c6 14.Bc4 Kc7 15.g4 b6
16.h4 cxd5 17.Bxd5 Na6 18.g5 Qe7 19.gxh6 Rxh6 20.Rhg1 f6 21.Rg3 Rh7 22.Rdg1 Bc6
23.Ne1 Nc5 24.Bxc6 Kxc6 25.Qd5+ Kc7 26.Nd3 Qf8 27.h5 Rd7 28.Rh3 Qf7 29.Nb4 Qxd5
30.Nxd5+ Kc6 31.Rh4 Rf7 32.Rg6 a5 33.Ne3  1/2-1/2

[Event "Wichern op"]
[Site "Hamburg"]
[Date "1997.??.??"]
[Round "6"]
[White "Lange, Siegfried"]
[Black "Wendt, Jan Dietrich"]
[Result "0-1"]
[WhiteElo "2120"]
[BlackElo "2295"]

1.d4 Nf6 2.Bg5 e6 3.e4 h6 4.Bxf6 Qxf6 5.Nf3 d6 6.Nc3 Nd7 7.Qd2 c6 8.Be2 e5
9.h3 Qd8 10.O-O-O Be7 11.Kb1 Qc7 12.Qe3 a6 13.Bc4 b5 14.Bf1 Rb8 15.g4 Nb6
16.Ne2 Be6 17.Ng3 g6 18.dxe5 dxe5 19.Qc3 f6 20.Qa5 Kf7 21.Be2 Qb7 22.b3 Nc4
23.Bxc4 bxc4 24.Qa4 Qb5 25.Qxb5 axb5 26.Ne2 Rb7 27.Rd2 Ra8 28.Rhd1 Rba7 29.Nc1 Bb4
30.Rd8 Bc5 31.Rxa8 Rxa8 32.Rd2 Rh8 33.c3 h5 34.b4 Be7 35.Nh2 hxg4 36.Nxg4 Rxh3
37.Ne3 f5 38.exf5 gxf5 39.Kb2 Rf3 40.Nf1 Bg5  0-1

[Event "Hanham op"]
[Site "Hanham"]
[Date "1997.??.??"]
[Round "5"]
[White "Collier, David"]
[Black "Buckley, Simon T"]
[Result "1/2-1/2"]
[WhiteElo "2220"]
[BlackElo "2110"]

1.d4 Nf6 2.Bg5 e6 3.e3 h6 4.Bh4 Be7 5.c4 b6 6.Nc3 Bb7 7.Nf3 O-O 8.Bd3 d5
9.O-O Nbd7 10.Rc1 Rc8 11.cxd5 exd5 12.Qe2 c5 13.Rfd1 Ne4 14.Bxe7 Qxe7 15.dxc5 bxc5
16.Ba6 Bxa6 17.Qxa6 Nxc3 18.Rxc3 Nf6 19.Nd2 Rfd8 20.Rdc1 Rc7 21.Qa5 Rdc8
22.R3c2 Ne4 23.Nf3 Qe6 24.Rd1 Rd7 25.h3  1/2-1/2

[Event "Rheinland op"]
[Site "Heimbach Weis"]
[Date "1997.??.??"]
[Round "7"]
[White "Schaefer, Stefan"]
[Black "Kremer, Pia"]
[Result "1-0"]
[WhiteElo "1745"]
[BlackElo "1675"]

1.d4 Nf6 2.Bg5 e6 3.Nc3 h6 4.Bxf6 Qxf6 5.e4 Bb4 6.e5 Bxc3+ 7.bxc3 Qd8 8.Qg4 O-O
9.Bd3 d5 10.Nh3 f6 11.Qg6 f5 12.Nf4 Qe8 13.Qg3 b6 14.Be2 Ba6 15.Nh5 Qe7 16.Nf4 Qg5
17.Nxe6 Qxg3 18.hxg3 Rf7 19.Bh5 Re7 20.Nf4 Bc4 21.Bg6 c5 22.Bxf5 cxd4 23.cxd4 Nc6
24.Be6+ Kh7 25.Bf5+ Kg8 26.c3 Nxe5 27.Be6+ Kh7 28.dxe5 Rae8 29.Bf5+ Kg8 30.e6  1-0

[Event "Helsinki We SKF op"]
[Site "Helsinki"]
[Date "1997.??.??"]
[Round "3"]
[White "Manninen, Marko"]
[Black "Kiik, Kalle"]
[Result "0-1"]
[WhiteElo "2380"]
[BlackElo "2380"]

1.d4 Nf6 2.Bg5 e6 3.e4 h6 4.Bxf6 Qxf6 5.Nf3 d5 6.e5 Qd8 7.c4 c6 8.Nc3 Be7
9.Bd3 dxc4 10.Bxc4 Nd7 11.O-O Nb6 12.Bd3 Nd5 13.Rc1 Bd7 14.Ne4 Rc8 15.Nc5 b6
16.Nxd7 Qxd7 17.g3 O-O 18.Qe2 c5 19.Bb5 Qd8 20.Rfd1 cxd4 21.Rxc8 Qxc8 22.Nxd4 Qc5
23.Nb3 Qc7 24.Rc1 Qb8 25.Qe4 Rc8 26.Rd1 Qc7 27.Bd3 g6 28.Nd4 Kf8 29.Nb3 Nb4
30.Bb1 Rd8 31.Rxd8+ Qxd8 32.Qf3 Kg7 33.a3 Nc6 34.Qxc6 Qd1+ 35.Kg2 Qxb3 36.Qc2 Qb5
37.Qc3 Qd5+ 38.f3 Bc5 39.Be4 Qd1 40.f4 Qe2+  0-1

[Event "Highgate Masters"]
[Site "Highgate"]
[Date "1997.??.??"]
[Round "3"]
[White "Houska, Miroslav"]
[Black "Aagaard, Jacob"]
[Result "0-1"]
[WhiteElo "2360"]
[BlackElo "2435"]

1.d4 Nf6 2.Bg5 e6 3.e4 h6 4.Bxf6 Qxf6 5.Nc3 Bb4 6.Qd2 d6 7.Nf3 Nd7 8.O-O-O O-O
9.Qe3 Bxc3 10.Qxc3 c5 11.Bb5 cxd4 12.Qxd4 Qxd4 13.Rxd4 Nc5 14.Re1 Rd8 15.b4 Na6
16.Bxa6 bxa6 17.Red1 Bb7 18.Rxd6 Rxd6 19.Rxd6 a5 20.b5 Bxe4 21.Ra6 Rc8 22.Ne1 Rc7
23.Rxa5 g5 24.Ra4 f5 25.Rd4 Kf7 26.a4 Ke7 27.f3 e5 28.Rd2 Bb7 29.Kb2 Ke6
30.Nd3 h5 31.Nb4 h4 32.h3 g4 33.hxg4 fxg4 34.fxg4 Rc4 35.Nd3 e4 36.Kb3 e3
37.Re2 Bd5 38.Nb4 Re4+ 39.Kc3 Rc4+ 40.Kb3 Re4+ 41.Nxd5 Kxd5 42.g5 Kd4 43.Kb4 Rf4
44.a5 Rf2 45.b6 axb6 46.a6 Rxe2 47.a7 Re1 48.c3+ Kd3 49.Kb5 Ra1  0-1

[Event "HUN-chT 9798"]
[Site "Hungary"]
[Date "1997.??.??"]
[Round "?"]
[White "Meszaros, Gyorgy"]
[Black "Szilagyi, Peter"]
[Result "0-1"]
[WhiteElo "2195"]
[BlackElo "2400"]

1.d4 Nf6 2.Bg5 e6 3.Nd2 h6 4.Bh4 c5 5.e3 Be7 6.Ngf3 cxd4 7.exd4 Nc6 8.c3 b6
9.Bd3 Bb7 10.O-O O-O 11.Qe2 a6 12.Rad1 Nd5 13.Bg3 b5 14.Bb1 d6 15.Rfe1 Qd7
16.Qd3 g6 17.Nf1 Bf6 18.Ne3 Nce7 19.Nd2 Bg7 20.Nxd5 Bxd5 21.Nf1 Rac8 22.Bf4 Rfd8
23.Qh3 g5 24.Bc1 b4 25.f4 bxc3 26.bxc3 g4 27.Qxg4 Rxc3 28.Bb2 Rcc8 29.Ne3 f5
30.Qe2 Rb8 31.Ba3 Be4 32.Bxe4 fxe4 33.Nc4 Nd5 34.Bxd6 Rbc8 35.Bc5 Nc3 36.Qg4 Rxc5
37.dxc5 Nxd1 38.Nd6 Nc3 39.Re3 Nd5 40.Rxe4 Nc7 41.h3 Qc6 42.Re5 Rf8 43.Kh2 Qa4
44.Re4 Qc2 45.Rc4 Qxa2 46.Rc3 h5 47.Qg6 h4 48.Rf3 Qd5 49.Qc2 Nb5 50.Rd3 Nd4
51.Qa4 Be5 52.Qd1 Rxf4 53.Kg1 Qxc5 54.Nb7 Ne2+ 55.Kh1 Qc1 56.Qxc1 Nxc1 57.Rd1 Nd3
58.Rb1 Rb4  0-1

[Event "HUN-chT 9798"]
[Site "Hungary"]
[Date "1997.??.??"]
[Round "?"]
[White "Brandics, Jozsef"]
[Black "Eperjesi, Laszlo"]
[Result "1/2-1/2"]
[WhiteElo "2260"]
[BlackElo "2340"]

1.d4 Nf6 2.Bg5 e6 3.Nd2 h6 4.Bh4 Be7 5.e4 d6 6.e5 Nfd7 7.Bxe7 Qxe7 8.exd6 cxd6
9.Ngf3 Nf6 10.Bd3 Nc6 11.O-O O-O 12.Re1 Qc7 13.c3 Bd7 14.Ne4 Nxe4 15.Bxe4 Na5
16.Rc1 Rac8  1/2-1/2

[Event "Isle of Man op"]
[Site "Isle of Man"]
[Date "1997.??.??"]
[Round "3"]
[White "Hebden, Mark"]
[Black "Ward, Christopher"]
[Result "1/2-1/2"]
[WhiteElo "2575"]
[BlackElo "2485"]

1.d4 Nf6 2.Bg5 e6 3.c3 c5 4.Nf3 h6 5.Bxf6 Qxf6 6.e4 cxd4 7.cxd4 Bb4+ 8.Nc3 Bxc3+
9.bxc3 d6 10.Qa4+ Nc6 11.Bb5 Bd7 12.O-O Qe7 13.d5 Nb8 14.Rab1 e5 15.Nd2 Bxb5
16.Rxb5 O-O 17.Rfb1 b6 18.Rxb6 axb6 19.Qxa8 Qc7 20.c4 Rc8 21.g3 Kf8 22.h4 h5
23.Rb5 Nd7 24.Qa3 g6 25.Qb2 Ra8 26.a3 Qa7 27.Nb1 Qa4 28.Qe2 Rc8 29.Rb4 Qa5
30.Kg2 Ke7 31.f4 Qc5 32.Qf2 Qxf2+ 33.Kxf2 Ra8 34.Ke3 f6 35.fxe5 fxe5 36.Rb2 Ra4
37.Rc2 Nc5 38.Rc3 Ra8 39.Nd2 Rf8 40.Ke2 Ra8 41.Rf3 Rb8 42.Kd1 b5 43.cxb5 Rxb5
44.Kc2 Ra5 45.Kd1  1/2-1/2

[Event "Juvenil op"]
[Site "?"]
[Date "1997.??.??"]
[Round "7"]
[White "Zurano Lopez, Pedro"]
[Black "Rue, JM."]
[Result "1/2-1/2"]
[WhiteElo "2300"]
[BlackElo "2105"]

1.d4 Nf6 2.Bg5 e6 3.e3 Be7 4.Bd3 d5 5.Nd2 O-O 6.c3 Nbd7 7.f4 b6 8.Qf3 a5
9.Ne2 Ba6 10.Bc2 c5 11.g4 h6 12.h4 Ne8 13.Bxe7 Qxe7 14.g5 f5 15.Rg1 Kh8 16.gxh6 gxh6
17.Qh5 Qh7 18.Nf3 Nef6 19.Qg6 Rg8 20.Qxh7+ Kxh7 21.Kd2 Rxg1 22.Rxg1 Bxe2
23.Kxe2 c4 24.Ne5 Nxe5 25.fxe5 Nh5 26.Ba4 Rg8 27.Rxg8 Kxg8 28.Kf3 Kf7 29.b3 cxb3
30.axb3 Ng7 31.c4 dxc4 32.bxc4 Ne8 33.d5 Nc7 34.Bc6 Na6 35.e4 fxe4+ 36.Kxe4 Nc5+
37.Kd4 a4 38.Kc3 a3 39.d6 a2 40.Kb2 Nd3+ 41.Ka1 Nxe5 42.Bb5 Nf3 43.h5 e5
44.Kxa2 Ke6  1/2-1/2

[Event "Klatovy op-B"]
[Site "Klatovy"]
[Date "1997.??.??"]
[Round "?"]
[White "Horejsi, R."]
[Black "Brudnova, J."]
[Result "1-0"]
[WhiteElo "1810"]
[BlackElo "1790"]

1.d4 Nf6 2.Bg5 e6 3.Nd2 d5 4.e3 c5 5.c3 Nc6 6.Ngf3 Be7 7.Bd3 c4 8.Bc2 Qa5
9.O-O h6 10.Bxf6 Bxf6 11.e4 Qc7 12.Re1 O-O 13.e5 Bd8 14.h3 f5 15.Nf1 Qf7
16.Qd2 Rb8 17.b3 b5 18.bxc4 bxc4 19.Reb1 Rxb1 20.Rxb1 Ba5 21.Ne3 Qe7 22.Ba4 Nd8
23.Nc2 Bd7 24.Bxd7 Qxd7 25.Nb4 Nc6 26.Ne1 Rc8 27.Qb2 Rb8 28.Nec2 Bc7 29.Qc1 Bb6
30.Kf1 Qc8 31.Nxc6 Qxc6 32.Nb4 Qe8 33.Na6 Rc8 34.Qa3 g5 35.Qb4 Kf7 36.a4 Qd8
37.Qb5 Kg8 38.Ra1 Bc7 39.Qc6 Kf7 40.Nc5 Bb6 41.Qxe6+ Kg7 42.Nd7 Ba5 43.Rb1 f4
44.Rb7 Bc7 45.Nf6 Rb8 46.Ne8+  1-0

[Event "Kuopio We KSY op"]
[Site "Kuopio"]
[Date "1997.??.??"]
[Round "5"]
[White "Luukkonen, Tommi"]
[Black "Lahtinen, Markku"]
[Result "0-1"]
[WhiteElo "2200"]
[BlackElo "2240"]

1.d4 Nf6 2.Bg5 e6 3.e4 h6 4.Bxf6 Qxf6 5.Nf3 d5 6.Bd3 dxe4 7.Bxe4 Bd6 8.Nc3 Nd7
9.Qe2 O-O 10.O-O-O a6 11.g4 Qf4+ 12.Kb1 Nf6 13.Rhg1 Bd7 14.g5 Nxe4 15.Nxe4 Bb5
16.Rd3 Bxd3 17.Qxd3 f5 18.Ng3 hxg5 19.Nh5 Qe4 20.Qb3 g4 21.Ng5 Qd5 22.c4 Qxd4
23.c5 Be5 24.Nxe6 Qe4+ 25.Ka1 Kh8 26.Ng3 Bxg3 27.Ng5 Bxf2 28.Nxe4 Bxg1 29.Ng5 Rae8
30.a4 Be3 31.Ne6 Rxe6 32.Qxe6 Bxc5 33.Ka2 a5 34.Qe5 b6 35.h4 Bd6 36.Qd4 g3
37.h5 Kh7 38.Qe3 Rf6 39.Qg5 f4 40.h6 Rxh6 41.Qf5+ Kg8 42.Qd5+ Kf8 43.Qa8+ Ke7
44.Qe4+ Re6 45.Qh7 Kf7 46.Qh5+ g6 47.Qh7+ Kf6 48.Qh4+ Kg7 49.Qg4 Rf6 50.Qf3 Rf5
51.Qc3+ Be5 52.Qf3 Rg5 53.Qd5 g2 54.Qd7+ Kf6 55.Qd8+ Kf5 56.Qd7+ Ke4 57.Qc6+ Ke3
58.Qc1+ Kf2 59.Qd2+ Kg3 60.Qd3+ Kh4  0-1

[Event "La Plata"]
[Site "La Plata"]
[Date "1997.??.??"]
[Round "4"]
[White "Garcia Palermo, Carlos"]
[Black "Bielicki, Carlos"]
[Result "0-1"]
[WhiteElo "2465"]
[BlackElo "2290"]

1.d4 Nf6 2.Bg5 e6 3.e4 c5 4.d5 d6 5.Bb5+ Nbd7 6.dxe6 fxe6 7.Nc3 a6 8.Bxd7+ Bxd7
9.Nf3 Qb6 10.Qd2 h6 11.Bh4 g5 12.Bg3 Nh5 13.O-O-O O-O-O 14.Qe3 Qc7 15.e5 d5
16.Nxd5 exd5 17.e6 Nxg3 18.exd7+ Rxd7 19.hxg3 Bg7 20.Qe6 Qd6 21.Rhe1 Rf8
22.Qg4 Kb8 23.Re6 Qc7 24.c4 Rfd8 25.Rxd5 Rxd5 26.cxd5 Rxd5 27.Qe4 Rd7 28.Ne5 Rd4
29.Qe2 Qa5 30.Re8+ Rd8 31.Nc4 Qc7 32.a4 Qd7 33.Re7 Qd4 34.Re4 Qd5 35.a5 Ka7
36.g4 Bd4 37.f3 Qd7 38.b3 Qb5 39.Kc2 Qb4 40.Re7 Qc3+ 41.Kb1 Qa1+ 42.Kc2 Qa2+
43.Kc1 Qxb3 44.Qe6 Qc3+ 45.Kb1 Qd3+ 46.Ka2 Qc2+ 47.Ka3 Qc3+ 48.Ka2 Rb8 49.Qb6+ Ka8
50.Qe6 Qa1+ 51.Kb3 Qb1+ 52.Ka3 Bc3  0-1

[Event "La Pobla de Lillet op"]
[Site "La Pobla de Lillet"]
[Date "1997.??.??"]
[Round "9"]
[White "Martinez Medina, Enrique"]
[Black "Spassov, Liuben"]
[Result "0-1"]
[WhiteElo "2220"]
[BlackElo "2425"]

1.d4 Nf6 2.Bg5 e6 3.e4 h6 4.Bxf6 Qxf6 5.Qd2 d6 6.Nc3 c6 7.Nf3 e5 8.Be2 Be7
9.O-O O-O 10.a4 a5 11.h3 Nd7 12.Nd1 exd4 13.Nxd4 Nc5 14.f3 Qg6 15.Kh1 Bg5
16.Qe1 Bf4 17.g4 Re8 18.Bd3 d5 19.Qf2 Bc7 20.Nc3 Nxd3 21.cxd3 Bb6 22.Nce2 Qf6
23.Qe3 Bd7 24.f4 c5 25.Nf5 dxe4 26.dxe4 Rxe4 27.Qxe4 Bc6 28.Nc3 Bxe4+ 29.Nxe4 Qe6
30.Rfe1 Qb3 31.Nc3 Rd8 32.Re2 Bc7 33.Rf1 Qc4 34.Rff2 Kh7 35.Re4 Qd3 36.Re3 Qd7
37.Kg1 c4 38.Rfe2 Qc6 39.Kh2 Rd7 40.Re1 Bb6 41.Rf3  0-1

[Event "NLD-chJ"]
[Site "Leiden"]
[Date "1997.??.??"]
[Round "4"]
[White "Kuipers, Eelco"]
[Black "Van der Erf, Remco"]
[Result "1/2-1/2"]
[WhiteElo "2195"]
[BlackElo "2150"]

1.d4 Nf6 2.Bg5 e6 3.e4 h6 4.Bxf6 Qxf6 5.Nf3 d6 6.Bd3 Nd7 7.O-O g6 8.c3 Bg7
9.a4 O-O 10.Na3 Qe7 11.a5 Nf6 12.e5 Nd5 13.Re1 Bd7 14.Qd2 dxe5 15.Nxe5 Rad8
16.Be4 Bc8 17.Nd3 b6 18.Nc4 b5 19.Nce5 Qd6 20.Bf3 Bb7 21.Nc5 Ba8 22.Re2 Ne7
23.Bxa8 Rxa8 24.Rae1 Qd5 25.Qf4 Rad8 26.Ng4 Qg5 27.Qxg5 hxg5 28.Ne5 Rd5 29.Ned3 Nc6
30.a6 Rfd8 31.Nb7 Rb8 32.g3 Ne7 33.Nb4 Rd7 34.Kg2 Nf5 35.Nc6 Ra8 36.Ra1 Nd6
37.Nc5 Rdd8 38.Nxd8 Rxd8 39.Nb7 Rd7 40.Nc5 Rd8 41.Nb7 Rd7 42.Na5 Nc8 43.Nc6 Rd6
44.Nb4 Nb6 45.Nd3 Na4 46.Nc5 Nxc5 47.dxc5 Rd5 48.c6 Bf8 49.Ra5 Rc5 50.Re4 Rxc6
51.Re5 b4 52.cxb4 Bxb4 53.Ra4 Rb6 54.Re2 Kf8 55.Rc2 Bd6 56.Kf3 f5 57.h3 Ke7
58.Ra2 e5 59.Ke2 Ke6 60.Rc3  1/2-1/2

[Event "Linares Mex"]
[Site "Linares"]
[Date "1997.??.??"]
[Round "4"]
[White "Calderin, Roberto"]
[Black "Pineda, Boris"]
[Result "0-1"]
[WhiteElo "2435"]
[BlackElo "2245"]

1.d4 Nf6 2.Bg5 e6 3.e4 h6 4.Bxf6 Qxf6 5.Nf3 d6 6.c3 Nd7 7.Bd3 Qd8 8.Nbd2 Be7
9.a4 O-O 10.a5 a6 11.Qe2 e5 12.dxe5 Nxe5 13.Nxe5 dxe5 14.Bc4 Kh8 15.Ba2 Qe8
16.O-O Bd7 17.Rfd1 Bc5 18.Kh1 Qe7 19.Bd5 Rab8 20.b4 Ba7 21.Nf1 Bb5 22.c4 Bd7
23.c5 c6 24.Bb3 Rbd8 25.Ne3 Bb8 26.Rd3 Bc8 27.Rad1 Rd4 28.Nc2 Rxd3 29.Rxd3 f5
30.Rf3 Qg5 31.h3 Rd8 32.Ne3 fxe4 33.Rf7 Qg6 34.Qc2 Kh7 35.g4 Kh8 36.f3 Be6
37.Rxb7 Bxb3 38.Qxb3 Qg5 39.Qf7 Rg8 40.Nf1 e3 41.Qa2 Qh4 42.Kg2 Qe1 43.Nxe3 Qxe3
44.Qf2 Qf4 45.Qg3 Qc1 46.Qf2 Rd8 47.Kg3 Qf4+ 48.Kh4 e4  0-1

[Event "Linz op"]
[Site "Linz"]
[Date "1997.??.??"]
[Round "8"]
[White "Moser, Guenter"]
[Black "Hellmayr, Alois"]
[Result "1/2-1/2"]
[WhiteElo "2340"]
[BlackElo "2240"]

1.d4 Nf6 2.Bg5 e6 3.Nf3 c5 4.Nbd2 cxd4 5.Nxd4 Be7 6.c3 d5 7.g3 O-O 8.Bg2 e5
9.N4b3 Nc6 10.O-O a5 11.e4 Bg4 12.Qb1 d4 13.Nf3 a4 14.Bxf6 Bxf6 15.Nbd2 dxc3
16.bxc3 Qc7 17.Nc4 Be6 18.Ne3 Na5 19.Rd1 Qxc3 20.Nd5 Qa3 21.Nc7 Rad8 22.Nxe6 Rxd1+
23.Qxd1 fxe6 24.Qd7 Nb3 25.Qxe6+ Kh8 26.Rf1 Qxa2 27.g4 Qa3 28.g5 Qe7 29.Qc4 Bxg5
30.Qxa4 Nc5 31.Qc4 Bf4 32.Rd1 h5 33.Rd5 b6 34.Qb4 Qf6 35.h4 Ra8 36.Qb1 Ra3
37.Qb2 Ra8 38.Nxe5 Rf8 39.Kf1 Bxe5 40.Rxe5 Qxh4 41.Qe2 Rxf2+ 42.Qxf2 Qxf2+
43.Kxf2 Nd3+ 44.Ke3 Nxe5 45.Kf4 Nd3+ 46.Kg5 Kg8 47.Bf1 Nc5 48.e5 Ne4+ 49.Kf4 Nd2
50.Be2 h4 51.Ke3 Nb1 52.Kf4 Na3 53.Kg4 b5 54.Kxh4 b4 55.Bf3 Nb1 56.Kg5 Nc3
57.Bg4 Kf8 58.Be6 Ne4+ 59.Kg6 Nc5 60.Bc4 Nd7 61.Kf5 Ke7 62.Ba2 Nf8 63.Bb3 Nd7
64.Ba2 Nf8 65.Bb3 Kd7 66.Ba2 Kc6 67.Bb3 Kc5 68.Ba2 Kc6 69.Bb3  1/2-1/2

[Event "CRO-chT"]
[Site "Medulin"]
[Date "1997.??.??"]
[Round "?"]
[White "Klaric, Zlatko"]
[Black "Vargic, Drago"]
[Result "1-0"]
[WhiteElo "2420"]
[BlackElo "2295"]

1.d4 Nf6 2.Bg5 e6 3.e3 c5 4.Nd2 Nc6 5.c3 b6 6.Ngf3 Bb7 7.dxc5 bxc5 8.Ne4 d5
9.Nxf6+ gxf6 10.Bh4 Bg7 11.Qa4 O-O 12.Qg4 e5 13.Rd1 Kh8 14.Bd3 Qe7 15.Bb1 Qe6
16.Bf5 Qe7 17.Qh5 h6 18.g4 Bc8 19.Rxd5 Bxf5 20.Qxf5 Rad8 21.Rxd8 Rxd8 22.Qe4 Qe6
23.O-O Ne7 24.c4 a5 25.Bg3 Nc6 26.h3 a4 27.Qc2 Ra8 28.Rd1 Nb4 29.Qe4 Qc6
30.Qxc6 Nxc6 31.Rd5 Bf8 32.Nd2 Rb8 33.b3 axb3 34.axb3 Ra8 35.Ne4 Nb4 36.Rd7 Kg7
37.Bh4 Ra6 38.Rd8 Be7 39.Re8 Ra7 40.Rxe7 Rxe7 41.Bxf6+ Kf8 42.Bxe7+ Kxe7
43.Nxc5 Nc6 44.Ne4 Ke6 45.Kf1 Na5 46.Nd2 Nc6 47.Ke2 f5 48.f3 Kf6 49.h4 Nb4
50.Nf1 Nc6 51.Kd2 e4 52.f4 fxg4 53.Ng3 Kg6 54.h5+ Kf6 55.Nxe4+ Ke6 56.Ng3 Ne7
57.e4  1-0

[Event "CRO-chT"]
[Site "Medulin"]
[Date "1997.??.??"]
[Round "?"]
[White "Muse, Mladen"]
[Black "Zelcic, Robert"]
[Result "1-0"]
[WhiteElo "2445"]
[BlackElo "2455"]

1.d4 Nf6 2.Bg5 e6 3.e4 c5 4.e5 h6 5.Bc1 Nh7 6.d5 exd5 7.Qxd5 Nc6 8.Nf3 Qe7
9.Be3 Nb4 10.Qb3 Ng5 11.Nbd2 Nxf3+ 12.Nxf3 b6 13.O-O-O Bb7 14.Bc4 g5 15.Bxf7+ Qxf7
16.Qxf7+ Kxf7 17.Rxd7+ Ke6 18.Rxb7 Nxa2+ 19.Kb1 Nb4 20.Rd1 Be7 21.Rdd7 Nc6
22.b4 Rhd8 23.Rdc7 Rac8 24.Rxc8 Rxc8 25.b5 Na5 26.Rxa7 Rd8 27.Nd2 Rd5 28.c4 Rxe5
29.Kc2 Rf5 30.Ra6 Bd8 31.g4 Re5 32.Kd3 Kd7 33.Ra7+ Kc8 34.Ra8+ Kd7 35.Ra7+ Kc8
36.Ra8+ Kd7 37.f4 gxf4 38.Bxf4 Re6 39.Ra7+ Kc8 40.Ra8+ Kd7 41.Ra7+ Ke8 42.Rh7 Bg5
43.Bxg5 hxg5 44.Rh5 Rd6+ 45.Kc3 Re6 46.Rxg5 Re3+ 47.Kc2 Re2 48.h4 Rh2 49.Kd3 Rxh4
50.Nf3 Rh3 51.Re5+ Kf8 52.Re3 Rh1 53.Re1 Rh3 54.Re3 Rh1 55.Ne5 Rd1+ 56.Ke4 Rd4+
57.Kf5 Kg7 58.Re4 Rd6 59.g5 Nb3 60.Nf3 Rd3 61.Re7+ Kf8 62.Ne5 Rd6 63.Rd7 Nd4+
64.Ke4 Re6 65.Kd5 Re8 66.Kd6  1-0

[Event "Carlos Torre mem op"]
[Site "Merida"]
[Date "1997.??.??"]
[Round "9"]
[White "Amura, Claudia Noemi"]
[Black "Hernandez, Tania"]
[Result "1-0"]
[WhiteElo "2365"]
[BlackElo "2210"]

1.d4 Nf6 2.Bg5 e6 3.e3 b6 4.Nf3 Bb7 5.Bd3 d6 6.Nbd2 Nbd7 7.c3 Be7 8.O-O h6
9.Bh4 g5 10.Bg3 Rg8 11.e4 h5 12.h4 gxh4 13.Bxh4 Ng4 14.Bxe7 Qxe7 15.Qe2 a5
16.Rfe1 Nf8 17.e5 Ng6 18.Bxg6 Rxg6 19.Ne4 O-O-O 20.Kf1 dxe5 21.dxe5 Rdg8
22.Qc4 Kb8 23.b4 a4 24.b5 h4 25.Rad1 Bd5 26.Qxa4 f5 27.exf6 Nxf6 28.Ne5 Nxe4
29.Rxe4 Bb7 30.Nxg6 Rxg6 31.Rg4 Rf6 32.Rg8+ Rf8 33.Rxf8+ Qxf8 34.Qxh4 Qc5
35.Rd8+ Bc8 36.c4 Qe5 37.Qh8  1-0

[Event "Metz op"]
[Site "Metz"]
[Date "1997.??.??"]
[Round "3"]
[White "Jung, Karl Otto"]
[Black "Dorozola, Jean Pierre"]
[Result "1-0"]
[WhiteElo "2190"]
[BlackElo "1880"]

1.d4 Nf6 2.Bg5 e6 3.e4 Be7 4.Nd2 d6 5.f4 c6 6.c3 h6 7.Bh4 Nbd7 8.Bd3 e5 9.f5 Qb6
10.Nc4 Qc7 11.Nf3 b5 12.Ne3 a5 13.d5 Nc5 14.Bxf6 Bxf6 15.dxc6 Qxc6 16.Nd5 Ba6
17.Qe2 Nxd3+ 18.Qxd3 Rc8 19.b3 a4 20.Rc1 Bg5 21.Rc2 axb3 22.axb3 Bb7 23.Ke2 Qc5
24.b4 Qc4 25.Nb6 Qxd3+ 26.Kxd3 Rc6 27.Nd5 Rc4 28.Nd2 Bxd5 29.exd5 Bxd2 30.Kxd2 Rf4
31.Ke3 O-O 32.g3 Rc4 33.Ra1 Rfc8 34.Kd2 h5 35.Ra6 h4 36.gxh4 Rxh4 37.Kc1 Rf4
38.Rxd6 Rb8 39.Rc6 Rxf5 40.d6 Rf6 41.Rd2 e4 42.Kd1 Rd8 43.Ke2 Re6 44.Ke3 g6
45.Rc5 Rexd6 46.Rxd6 Rxd6 47.Kxe4 Rd2 48.h3 Rh2 49.Rxb5 Rxh3 50.c4 Kf8 51.Rd5 Rh4+
52.Kd3 Ke7 53.b5 f5 54.b6 Rh8 55.c5 Rb8 56.Kd4 Rb7 57.Ke5 Rb8 58.Rd6 Rc8
59.Kd5 g5 60.b7 Rh8 61.c6 f4 62.Re6+ Kf7 63.c7  1-0

[Event "Metz op"]
[Site "Metz"]
[Date "1997.??.??"]
[Round "9"]
[White "Poussier, Thierry"]
[Black "Pimenta, Antonio"]
[Result "1-0"]
[WhiteElo "1820"]
[BlackElo "2155"]

1.d4 Nf6 2.Bg5 e6 3.e4 h6 4.Bxf6 Qxf6 5.Nf3 d5 6.e5 Qd8 7.c4 c5 8.cxd5 cxd4
9.Qxd4 exd5 10.Nc3 Be6 11.Bb5+ Nc6 12.Qa4 Qb6 13.O-O-O O-O-O 14.Bxc6 Qxc6
15.Qxa7 Bc5 16.Qa4 Bxf2 17.Qxc6+ bxc6 18.Nd4 Kd7 19.Na4 Be3+ 20.Kb1 Bg4 21.Nc5+ Kc7
22.Rd3 Bg5 23.Rb3 Rde8 24.Rb7+ Kc8 25.Rf1 Re7 26.Rxf7 Rxb7 27.Nxb7 Bh5 28.Nd6+  1-0

[Event "Montpellier Masters op"]
[Site "Montpellier"]
[Date "1997.??.??"]
[Round "1"]
[White "Legky, Nikolay A"]
[Black "L'Henoret, Thierry"]
[Result "1-0"]
[WhiteElo "2490"]
[BlackElo "2180"]

1.d4 Nf6 2.Bg5 e6 3.Nf3 Be7 4.Nbd2 b6 5.e4 c5 6.e5 Nd5 7.Ne4 O-O 8.c4 f5
9.Nd6 Bxg5 10.cxd5 Be7 11.Nxc8 Qxc8 12.d6 Bd8 13.d5 Qb7 14.Bc4 b5 15.Qb3 a6
16.O-O-O Ra7 17.dxe6 bxc4 18.Qxb7 Rxb7 19.e7 Bxe7 20.dxe7 Re8 21.Rd5 Rxe7
22.Rxc5 Nc6 23.Rd1 Rb5 24.Rxc4 Nxe5 25.Rc8+ Kf7 26.Nd4 Rd5 27.Nxf5 Nd3+ 28.Rxd3 Rxd3
29.Nxe7 Kxe7 30.Rc4 Rd6 31.Rg4 g6 32.Kc2 Rf6 33.f3 Kd6 34.Kc3 Kc6 35.Rc4+ Kd6
36.b4 Rf8 37.Rc5 Rb8 38.a4 Rb6 39.Kc4 Ke6 40.b5 a5 41.Rc8 Rd6 42.Re8+ Kf5
43.Re2 Rd1 44.Rb2 d5+ 45.Kc5 Ke5 46.b6  1-0

[Event "Moravia-chT 9697"]
[Site "?"]
[Date "1997.??.??"]
[Round "?"]
[White "Pastor, Karel Jr"]
[Black "Kriz, Miroslav"]
[Result "1/2-1/2"]
[WhiteElo "2235"]
[BlackElo "2265"]

1.d4 Nf6 2.Bg5 e6 3.e4 h6 4.Bxf6 Qxf6 5.Nf3 d6 6.Nc3 Nd7 7.Qd2 a6 8.O-O-O Qe7
9.Bd3 c6 10.Rhe1 e5 11.h4 Qf6 12.Ne2 Be7 13.Qe3 exd4 14.Nexd4 Ne5 15.Nf5 Nxf3
16.Qxf3 Bxf5 17.exf5 O-O 18.Rh1 Rfe8 19.g4 g5 20.hxg5 Qxg5+ 21.Kb1 Bf6 22.Rh5 Qg7
23.g5 hxg5 24.c3 Re5 25.Qh1 Rae8 26.f4 Re3 27.Rg1 g4 28.Bc4 d5 29.Bb3 Kf8
30.a3 g3 31.Rh7 Re1+ 32.Rxe1 Rxe1+ 33.Qxe1 Qxh7 34.Qxg3 Qxf5+ 35.Bc2 Qe6
36.Qf2 Qd6 37.Qb6 Qd7 38.a4 Be7 39.Qd4 Ke8 40.Qh8+ Bf8 41.Qe5+ Kd8 42.Bf5 Qd6
43.Qd4 Kc7 44.a5 c5 45.Qe3 Be7 46.Bh3 Bd8 47.Qf3 Kb8 48.Bg2 Bxa5 49.Qxd5 Qxd5
50.Bxd5 f6 51.Kc2 Bc7 52.f5 b5 53.b4 c4 54.Be6 Kb7 55.Bd5+ Kb6 56.Be6 Bg3
57.Bc8 Be1 58.Bd7 a5 59.bxa5+ Kxa5 60.Be6 Kb6 61.Bc8 Kc5 62.Be6  1/2-1/2